| 000 | 00590nam a22002057a 4500 | ||
|---|---|---|---|
| 999 |
_c478877 _d478877 |
||
| 003 | NUST | ||
| 005 | 20180816101822.0 | ||
| 008 | 180816b ||||| |||| 00| 0 eng d | ||
| 020 | _a978032150046 | ||
| 038 | _aSNS Library | ||
| 040 | _a0 | ||
| 082 | _a519.2 DEG 2012 | ||
| 100 |
_aMorris H. Degroot, Mark J. Schervish _912300 |
||
| 245 |
_aProbability and Statistics _cMorris H. Degroot, Mark J. Schervish |
||
| 250 | _a4th Ed. | ||
| 260 |
_aNew Delhi _bAddison-Wesley _c2012 |
||
| 300 |
_a885 p. _bHB _c(PH) |
||
| 440 |
_aProbability and Statistics _912301 |
||
| 942 |
_2ddc _cBK |
||